000 00532nam a2200181Ia 4500
005 20250508161946.0
008 008 250505s9999 xx 000 0 hin d
037 _aTextual
040 _aFEDL
_beng
_cFEDL
041 _ahin
_2eng
084 _aFH, GAN
_qFEDL
100 _aGangopadhya Sunil
_9771884
245 0 _aRadha Krishan: Radha aur Krishan ke amar prem ki marmik katha
260 _aNew Delhi, India
_bRadhakrishna Prakashan
_c1977
300 _a146p.
942 _cTEXL
_hFH, GAN
999 _c1373496
_d1373496